Democracias en busca de estado: ensayos sobre América Latina

Salvato in:
Dettagli Bibliografici
Autore principale: Iazzetta, Osvaldo (Autore)
Natura: Libro
Lingua:spagnolo
Pubblicazione: Rosario Homo Sapiens 2007
Edizione:1a. ed
Serie:Politeia
Soggetti:
Tags: Aggiungi Tag
Nessun Tag, puoi essere il primo ad aggiungerne!!

MARC

LEADER 00000nam a2200000 a 4500
001 UCG6826
003 CL-VaPUC
008 110520e20070000AG |||||||||||||||||spa|d
020 |a 9789508085221 
082 0 4 |a 320.1  |b IAZ  |2 21 
100 |a Iazzetta, Osvaldo  |e author  |9 557246 
245 1 0 |a Democracias en busca de estado: ensayos sobre América Latina 
250 |a 1a. ed 
300 |a 187 p 
942 |c BK 
945 |d 20110520 00:00:00  |a jcampos 
260 |a Rosario  |b Homo Sapiens  |c 2007 
650 0 |a Ciencias Políticas  |9 255201 
650 0 |a Estado  |9 255503 
650 0 |a Democracia  |9 255256 
650 0 |a Globalización  |9 361930 
650 0 |a Neoliberalismo  |9 330090 
651 0 |a América Latina   |9 255027 
583 |a last modification  |c 20110520 00:00:00  |k Rodrigo Vera 
490 0 |a Politeia 
999 |c 344957  |d 344955 
952 |0 0  |1 0  |4 0  |6 320_100000000000000_IAZ_2007  |7 0  |8 A  |9 443323  |a BIBHIS  |b BIBHIS  |d 2019-11-22  |i 4778855  |o 320.1 IAZ 2007  |p 4778855  |r 2025-01-20  |w 2019-11-22  |y BK  |k HIS